书目信息 |
| 题名: |
合同解除权行使制度研究
|
|
| 作者: | 杜晨妍 著 | |
| 分册: | ||
| 出版信息: | 北京 经济科学出版社 2011.1 |
|
| 页数: | 182页 | |
| 开本: | 21cm | |
| 丛书名: | ||
| 单 册: | ||
| 中图分类: | D913.04 | |
| 科图分类: | ||
| 主题词: | 合同法--研究 , 合同法 | |
| 电子资源: | ||
| ISBN: | 978-7-5141-0259-8 | |
| 000 | 01245nam0 22002771 450 | |
| 001 | 524 | |
| 005 | 20140905102511.37 | |
| 010 | @a978-7-5141-0259-8@dCNY18.00 | |
| 100 | @a20110322d2011 em y0chiy50 ea | |
| 101 | 0 | @achi |
| 102 | @aCN@b110000 | |
| 105 | @ay z 000yy | |
| 106 | @ar | |
| 200 | 1 | @a合同解除权行使制度研究@AHe Tong Jie Chu Quan Hang Shi Zhi Du Yan Jiu@f杜晨妍著 |
| 210 | @a北京@c经济科学出版社@d2011.1 | |
| 215 | @a182页@d21cm | |
| 300 | @a教育部人文社会科学研究项目规划基金项目阶段性研究成果 吉林省教育厅“十一五”社科规划项目 东北师范大学人文社会科学校内青年基金项目 | |
| 312 | @a封面英文题名:A study on the exercise system of rescission right of contract | |
| 330 | @a本书在综合比较和述评了大量中外相关文献及立法例的基础上,以对合同解除权的语义分析为切入点,运用价值分析的手段对合同解除权制度进行法理分析,将公平原则作为合同解除权行使制度的首要价值目标,将诚实信用及利益衡平作为其理论依据,论证了合同解除权行使制度存在的正当性。 | |
| 510 | 1 | @aStudy on the exercise system of rescission right of contract@zeng |
| 606 | 0 | @a合同法@x研究 |
| 606 | 0 | @a合同法 |
| 690 | @aD913.04@v5 | |
| 701 | 0 | @a杜晨妍@ADu Chen Yan@g(女,@f1972~)@4著 |
| 801 | 0 | @aCN@bTANGWEI@c20140603 |
| 905 | @b0836349-51@dD913.04@e530@f3 | |
| 合同解除权行使制度研究/杜晨妍著.-北京:经济科学出版社,2011.1 |
| 182页;21cm |
| 教育部人文社会科学研究项目规划基金项目阶段性研究成果 吉林省教育厅“十一五”社科规划项目 东北师范大学人文社会科学校内青年基金项目 |
| ISBN 978-7-5141-0259-8:CNY18.00 |
| 本书在综合比较和述评了大量中外相关文献及立法例的基础上,以对合同解除权的语义分析为切入点,运用价值分析的手段对合同解除权制度进行法理分析,将公平原则作为合同解除权行使制度的首要价值目标,将诚实信用及利益衡平作为其理论依据,论证了合同解除权行使制度存在的正当性。 |
| ● |
| 相关链接 |
|
|
|
|
正题名:合同解除权行使制度研究
索取号:D913.04/530
 
预约/预借
| 序号 | 登录号 | 条形码 | 馆藏地/架位号 | 状态 | 备注 |
| 1 | 0836349 | 208363493 | 第一样本阅览室/ [索取号:D913.04/530] | 在馆 | |
| 2 | 0836350 | 208363509 | 第一借阅区/ [索取号:D913.04/530] | 在馆 | |
| 3 | 0836351 | 208363518 | 第一借阅区/ [索取号:D913.04/530] | 在馆 |